• 首页
  • 本馆介绍
  • 公告通知
  • 最新文献
  • 馆藏检索
  • 电子资源
  • 读者导购
  • 参考咨询
  • 我的图书馆
  • 登录
  • 详细信息显示
  • 放入我的书架
  • 预约/预借图书
  • 作者相关作品
  • 分类相关作品
  • 丛书相关作品
  • 出版社相关作品

书目信息

  • 表格格式
  • 工作单格式
  • 卡片格式
题名:
青年艺术鉴赏能力训练教程
    
 
作者: 李平收 主编
分册:  
出版信息: 北京   知识出版社  2002
页数: 314页
开本: 20cm
丛书名: 新世纪青年成功素质训练教程系列丛书
单 册:
中图分类: J05
科图分类:
主题词: 艺术--鉴赏 , 艺术评论
电子资源:
ISBN: 7-5015-3238-9
000 00859oam2 2200253 45
001 012002037474
005 20050225110606.2
010    @a7-5015-3238-9@dCNY18.80
100    @a20020429d2002 em y0chiy0110 ea
101 0  @achi
102    @aCN@b110000
105    @ay z 000yy
200 1  @a青年艺术鉴赏能力训练教程@Aqing nian yi shu jian shang neng li xun lianjiao cheng@f李平收主编@FLi Ping Shou Zhu Bian
210    @a北京@c知识出版社@d2002
215    @a314页@d20cm
225 2  @a新世纪青年成功素质训练教程系列丛书
330    @a本书以电影、文学和音乐作为典型范例,运用切合当代青年实际需求的方法,有针对性地对青年进行艺术鉴赏能力训练。
410    @12001 @a新世纪青年成功素质训练教程系列丛书
606 0  @a艺术@x鉴赏
606 0  @a艺术评论
690    @aJ05@v4
701  0 @a李平收@4主编
801  0 @aCN@bNLC@c20020510
905    @b343398-402@dJ05@e118@f5
    
    青年艺术鉴赏能力训练教程/李平收主编.-北京:知识出版社,2002
    314页;20cm.-(新世纪青年成功素质训练教程系列丛书)
    
    
    ISBN 7-5015-3238-9:CNY18.80
    本书以电影、文学和音乐作为典型范例,运用切合当代青年实际需求的方法,有针对性地对青年进行艺术鉴赏能力训练。
●
相关链接 在E读中查询图书 在五车中查询图书 在当当中查询图书 在豆瓣中查询图书


正题名:青年艺术鉴赏能力训练教程     索取号:J05/118         预约/预借

序号 登录号 条形码 馆藏地/架位号 状态 备注
1 0343398   203433980   第一样本阅览室/ [索取号:J05/118] 在馆    
2 0343399   203433999   第一借阅区/ [索取号:J05/118] 在馆    
3 0343400   203434006   第一借阅区/ [索取号:J05/118] 在馆    
4 0343401   203434015   第一借阅区/ [索取号:J05/118] 在馆    
5 0343402   203434024   第一借阅区/ [索取号:J05/118] 在馆    
唐山师范学院图书馆 欢迎您!
大连网信软件有限公司© 版权所有